Làm văn Giáo trình đào tạo giáo viên Trung học cơ sở hệ Cao đẳng sư phạm
Biên soạn theo sát tinh thần của chương trình Văn - tiếng Việt CĐSP. sách trình bày những vấn đề chung về làm văn, phương pháp viết một số kiểu loại văn bản; NV Phương pháp dạy học văn
Spremljeno u:
| Glavni autor: | |
|---|---|
| Daljnji autori: | |
| Format: | Knjiga |
| Jezik: | Undetermined |
| Izdano: |
H.
Giáo dục
2001
|
| Teme: | |
| Online pristup: | http://lrc.tdmu.edu.vn/opac/search/detail.asp?aID=2&ID=6561 |
| Oznake: |
Dodaj oznaku
Bez oznaka, Budi prvi tko označuje ovaj zapis!
|
| Thư viện lưu trữ: | Trung tâm Học liệu Trường Đại học Thủ Dầu Một |
|---|
| LEADER | 00949nam a2200229Ia 4500 | ||
|---|---|---|---|
| 001 | TDMU_6561 | ||
| 008 | 210410s9999 xx 000 0 und d | ||
| 082 | |a 801 | ||
| 090 | |b L250 | ||
| 100 | |a Lê, A | ||
| 245 | 0 | |a Làm văn | |
| 245 | 0 | |b Giáo trình đào tạo giáo viên Trung học cơ sở hệ Cao đẳng sư phạm | |
| 245 | 0 | |c Lê A | |
| 260 | |a H. | ||
| 260 | |b Giáo dục | ||
| 260 | |c 2001 | ||
| 300 | |a 271tr | ||
| 520 | |a Biên soạn theo sát tinh thần của chương trình Văn - tiếng Việt CĐSP. sách trình bày những vấn đề chung về làm văn, phương pháp viết một số kiểu loại văn bản; NV Phương pháp dạy học văn | ||
| 650 | |a Làm văn | ||
| 700 | |a Nguyễn, Trí | ||
| 856 | |u http://lrc.tdmu.edu.vn/opac/search/detail.asp?aID=2&ID=6561 | ||
| 980 | |a Trung tâm Học liệu Trường Đại học Thủ Dầu Một | ||